000 00423nam a2200157Ia 4500
008 210716s1999 xx 000 0 und d
020 _a081440491X
041 _aeng
082 _a658.403 CRAS
100 _aCrainer, Stuart.
245 _a75 greatest management decisions ever make and 21 of the worst.
250 _a1
260 _aNew York
_bAMACOM
_c1999
300 _axxix,239
650 _aDecision making(658.403)
999 _c197996
_d197996